000 00560nam a2200205Ia 4500
003 GCL
008 140319s9999 xx 000 0 eng d
040 _aGCL /
_cGCL
082 0 4 _a427.941
_bH E
100 1 _aHUGHES, ARTHUR
245 1 0 _aENGLISH ACCENTS AND DIALECTS /
_cHUGHES, ARTHUR
700 1 _aTRUDGILL, PETER
260 _a[S.N] :
_bARNOLD PUBLISHERS ،
_c1996
300 _a142 P
650 0 4 _aENGLISH LANGUAGE - VARIATION
650 0 4 _aENGLISH LANGUAGE - DIALECTS
650 0 4 _aENGLISH LANGUAGE
650 0 4 _aGREAT BRITAIN
942 _2ddc
_cBK
999 _c12985
_d12985